[Event "SVK-chT3C 0001"]
[Site "Slovakia"]
[Date "2001.??.??"]
[Round "5"]
[White "Baleja, Marian"]
[Black "Hlas, Jan"]
[Result "0-1"]
[WhiteElo "2056"]
[BlackElo "2182"]
[PlyCount "110"]
[EventDate "2000.??.??"]
[EventType "team-tourn"]
[EventRounds "9"]
[EventCountry "SVK"]
[SourceTitle "EXT 2002"]
[Source "ChessBase"]
[SourceDate "2001.11.25"]
[SourceVersion "1"]
[SourceVersionDate "2001.11.25"]
[SourceQuality "1"]

1. e4 e6 2. d3 d5 3. Nd2 c5 4. Ngf3 Nc6 5. g3 d4 6. Bg2 e5 7. 0-0 Bg4 8. Re1 Qd7 9. Nc4 f6 10. c3 b5 11. Na3 a6 12. c4 b4 13. Nb1 Nge7 14. a3 h5 15. Nbd2 Nc8 16. Nf1 a5 17. Bd2 Nb6 18. Qc2 Be7 19. Nh4 Kf7 20. Nf5 g6 21. Nh4 Bd6 22. Bh1 Bh3 23. Qd1 g5 24. Nf5 Ne7 25. Bf3 g4 26. Bh1 Nxf5 27. exf5 Qxf5 28. Bxa8 Rxa8 29. Qe2 Qd7 30. Qe4 f5 31. Qh1 b3 32. Re2 a4 33. Rae1 e4 34. dxe4 d3 35. Re3 f4 36. Rxd3 f3 37. Ne3 Qe6 38. Nf5 Be5 39. Nh4 Nxc4 40. Nxf3 gxf3 41. Qxf3+ Kg7 42. Qxh5 Nxd2 43. Rxd2 Bd4 44. e5 Qg4 45. Qxg4+ Bxg4 46. Kg2 Bf5 47. f4 Bc2 48. Rxd4 cxd4 49. Kf3 Rd8 50. Ke2 Bf5 51. Rc1 Bc2 52. g4 Rh8 53. Kf3 d3 54. Rh1 d2 55. Ke2 Rxh2+ 0-1

[Event "SVK-chT3C 0001"]
[Site "Slovakia"]
[Date "2001.??.??"]
[Round "6"]
[White "Betko, Lubomir"]
[Black "Baleja, Marian"]
[Result "1-0"]
[WhiteElo "2256"]
[BlackElo "2056"]
[PlyCount "39"]
[EventDate "2000.??.??"]
[EventType "team-tourn"]
[EventRounds "9"]
[EventCountry "SVK"]
[SourceTitle "EXT 2002"]
[Source "ChessBase"]
[SourceDate "2001.11.25"]
[SourceVersion "1"]
[SourceVersionDate "2001.11.25"]
[SourceQuality "1"]

1. e4 d5 2. exd5 Nf6 3. d4 Nxd5 4. Nf3 g6 5. g3 Bg7 6. Bg2 0-0 7. 0-0 Nd7 8. Re1 c6 9. Nbd2 N7f6 10. c4 Nc7 11. b3 Ne6 12. Bb2 Qc7 13. Qe2 Rd8 14. Rad1 b6 15. Ne5 Bb7 16. Nxf7 Nxd4 17. Bxd4 Kxf7 18. Nf3 Kg8 19. Qe6+ Kh8 20. Ng5 1-0